Escape the Backrooms OSTs - Statistics

General Stats
  • This quiz has been taken 6 times
    3 since last reset
  • The average score is 4 of 10
Answer Stats
Answer % Correct
You Day! [Instrumental]
100%
You Day! [Lyrics]
100%
RUN FOR IT
67%
Escapee
33%
Menu
33%
This Elevator Won’t Kill You
33%
King’s Curfew
0%
Platonic Purgatory
0%
Row Your Boat [Extended]
0%
Snackroosic
0%
No matching quizzes found
Score Distribution
Percent of People with Each Score
Percentile by Number Answered
Your Score History
You have not taken this quiz since the last reset